000
00316nam a22001457a 4500
003
SGT
082
_a
617.7
_b
A13B
100
_a
BASKAR, SAMAR K.
245
_a
ATLAS OF CLINICAL OPHTHALMOLOGY
250
_a
2ND
260
_a
INDIA
_b
JAYPEE
_c
2013
300
_a
499
650
_a
OPHTHALMOLOGY
942
_2
ddc
_c
BK
_0
1
999
_c
10541
_d
10541